UM Logo
Normal view MARC view
  • Population-- Social aspects.

Entry Topical Term

Number of records used in: 1

001 - CONTROL NUMBER

  • control field: 41664

003 - CONTROL NUMBER IDENTIFIER

  • control field: OSt

005 - DATE AND TIME OF LATEST TRANSACTION

  • control field: 20200205094124.0

008 - FIXED-LENGTH DATA ELEMENTS

  • fixed length control field: 200205|| aca||aabn | a|a d

040 ## - CATALOGING SOURCE

  • Original cataloging agency: OSt
  • Transcribing agency: OSt

150 ## - HEADING--TOPICAL TERM

  • Topical term or geographic name entry element: Population-- Social aspects.

670 ## - SOURCE DATA FOUND

  • Source citation: Work cat.: (OSt): Jacobi, Saul 41663, Population and society:, ©2018.